[Event "España tch ONCE 2009 Segunda División"]
[Site "Fuengirola ESP"]
[Date "2009.11.22"]
[Round "1.11"]
[White "Bernabe Monteagudo, Francesc"]
[Black "Fernandez Lago, David"]
[Result "0-1"]
[WhiteElo "1876"]
[BlackElo "2003"]
[PlyCount "70"]
[EventDate "2009.11.22"]
[EventType "team-"]
[EventRounds "7"]
[EventCountry "ESP"]
[Source "lmi"]
[SourceDate "2009.11.22"]

1. d4 Nf6 2. Nf3 e6 3. c4 d5 4. cxd5 exd5 5. Nc3 c6 6. Qc2 Bd6 7. Bg5 h6 8. Bh4
O-O 9. e3 Re8 10. Be2 Bg4 11. a3 a5 12. Ne5 Bxe2 13. Nxf7 Kxf7 14. Nxe2 Nbd7
15. O-O Qe7 16. Ng3 Bxg3 17. Bxg3 Ne4 18. Qe2 Ndf6 19. Rac1 Nxg3 20. hxg3 Qe4
21. Rc3 a4 22. Rfc1 Qxd4 23. b4 Qg4 24. Qf3 Qxf3 25. gxf3 Nd7 26. b5 c5 27. Rd1
Ke6 28. Rcd3 Nf6 29. e4 d4 30. Re1 Ra5 31. b6 Rb5 32. Rc1 Nd7 33. f4 Rb3 34.
Rcd1 Nxb6 35. f5+ Kd6 0-1

[Event "España tch ONCE 2009 Segunda División"]
[Site "Fuengirola ESP"]
[Date "2009.11.22"]
[Round "1.12"]
[White "Lago Carballo, Carmen"]
[Black "Martinez Lopez-Cozar, Manuel"]
[Result "0-1"]
[WhiteElo "1474"]
[BlackElo "1704"]
[PlyCount "44"]
[EventDate "2009.11.22"]
[EventType "team-"]
[EventRounds "7"]
[EventCountry "ESP"]
[Source "lmi"]
[SourceDate "2009.11.22"]

1. e4 c5 2. Nc3 e6 3. d4 cxd4 4. Qxd4 Nc6 5. Qe3 a6 6. Bd3 Qc7 7. f4 b5 8. a3
Bb7 9. Nf3 Be7 10. Bd2 Na5 11. b4 Nc4 12. Bxc4 Qxc4 13. Qd4 Qxd4 14. Nxd4 Nf6
15. e5 Nd5 16. O-O Rc8 17. Nxd5 Bxd5 18. c3 O-O 19. Nf3 Rc7 20. Rac1 Ra8 21. g3
Bc4 22. Rfe1 a5 0-1

[Event "España tch ONCE 2009 Segunda División"]
[Site "Fuengirola ESP"]
[Date "2009.11.22"]
[Round "1.13"]
[White "Suarez Hernandez, Francisco"]
[Black "Martinez Perez, Carlos"]
[Result "1/2-1/2"]
[WhiteElo "1654"]
[BlackElo "1611"]
[PlyCount "84"]
[EventDate "2009.11.22"]
[EventType "team-"]
[EventRounds "7"]
[EventCountry "ESP"]
[Source "lmi"]
[SourceDate "2009.11.22"]

1. e4 c5 2. Nf3 e6 3. d4 cxd4 4. Nxd4 Nf6 5. Nc3 Nc6 6. Be2 Bb4 7. Bf3 O-O 8.
Ndb5 d6 9. a3 Bxc3+ 10. Nxc3 a6 11. O-O b5 12. e5 Nd5 13. Nxd5 exd5 14. exd6
Be6 15. Bxd5 Qxd6 16. Bxe6 Qxe6 17. Re1 Rad8 18. Bd2 Qf6 19. c3 Ne5 20. b3 Nd3
21. Re2 Nf4 22. Re3 Qc6 23. Rf3 Ne6 24. Qe1 Rfe8 25. Be3 Nc5 26. Qb1 Re6 27.
Bxc5 Qxc5 28. Qf5 Qxf5 29. Rxf5 Red6 30. g3 g6 31. Re5 Rd1+ 32. Rxd1 Rxd1+ 33.
Kg2 Ra1 34. a4 bxa4 35. Ra5 a3 36. c4 a2 37. Rxa6 Kf8 38. f4 Ke7 39. b4 Kd7 40.
c5 f6 41. b5 h6 42. h4 h5 1/2-1/2

[Event "España tch ONCE 2009 Segunda División"]
[Site "Fuengirola ESP"]
[Date "2009.11.22"]
[Round "1.21"]
[White "Zanoletty Garcia, David"]
[Black "Fernandez Cabello, Emilio"]
[Result "1-0"]
[WhiteElo "2004"]
[BlackElo "1830"]
[PlyCount "53"]
[EventDate "2009.11.22"]
[EventType "team-"]
[EventRounds "7"]
[EventCountry "ESP"]
[Source "lmi"]
[SourceDate "2009.11.22"]

1. Nf3 Nf6 2. c4 g6 3. Nc3 Bg7 4. e4 d6 5. d4 O-O 6. Be2 e5 7. d5 a5 8. Bg5 h6
9. Bh4 g5 10. Bg3 Nh5 11. Nd2 Nf4 12. Bxf4 exf4 13. h4 Na6 14. hxg5 hxg5 15.
Bd3 g4 16. Be2 Qg5 17. a3 Be5 18. Qc2 Bd7 19. O-O-O c6 20. Kb1 Rab8 21. Nb3 b5
22. dxc6 b4 23. Nb5 a4 24. N3d4 b3 25. Qd2 Be8 26. Nf5 Nc5 27. Bd3 1-0

[Event "España tch ONCE 2009 Segunda División"]
[Site "Fuengirola ESP"]
[Date "2009.11.22"]
[Round "1.22"]
[White "Escabias Perez, Miguel"]
[Black "Rubio Mancebon, Pedro Jose"]
[Result "1/2-1/2"]
[WhiteElo "1733"]
[BlackElo "1940"]
[PlyCount "63"]
[EventDate "2009.11.22"]
[EventType "team-"]
[EventRounds "7"]
[EventCountry "ESP"]
[Source "lmi"]
[SourceDate "2009.11.22"]

1. e4 c6 2. d4 d5 3. Nc3 dxe4 4. Nxe4 Bf5 5. Ng3 Bg6 6. Nf3 Nd7 7. Bd3 Bxd3 8.
Qxd3 e6 9. O-O Qc7 10. Re1 O-O-O 11. Qb3 Ngf6 12. a4 Bd6 13. a5 a6 14. Ne4 Nxe4
15. Rxe4 Nf6 16. Re1 Ng4 17. g3 h5 18. Nh4 Be7 19. Bf4 Bd6 20. Bxd6 Rxd6 21.
Ra4 Rd5 22. Qc3 Rhd8 23. Ng2 Qd6 24. Rd1 e5 25. Qf3 exd4 26. Nf4 Qf6 27. Rd3
Ne5 28. Qg2 Nxd3 29. Nxd5 Qxf2+ 30. Qxf2 Nxf2 31. Nb6+ Kc7 32. Kxf2 1/2-1/2

[Event "España tch ONCE 2009 Segunda División"]
[Site "Fuengirola ESP"]
[Date "2009.11.22"]
[Round "1.23"]
[White "Sanchez Ruiz, Piedad Esmeralda"]
[Black "De Los Heros Torres, Francisco"]
[Result "1/2-1/2"]
[WhiteElo "1958"]
[BlackElo "1692"]
[PlyCount "49"]
[EventDate "2009.11.22"]
[EventType "team-"]
[EventRounds "7"]
[EventCountry "ESP"]
[Source "lmi"]
[SourceDate "2009.11.22"]

1. e4 e6 2. d4 d5 3. e5 c5 4. c3 Nc6 5. Nf3 Qb6 6. Be2 cxd4 7. cxd4 Nge7 8. Na3
Bd7 9. O-O Rc8 10. Nc2 Ng6 11. a3 Na5 12. b4 Nb3 13. Rb1 Nxc1 14. Qxc1 Be7 15.
Qd2 O-O 16. g3 Bb5 17. Bd3 Bxd3 18. Qxd3 Rc7 19. Rb3 Rfc8 20. Ne3 a6 21. h4 h6
22. Kg2 Rc1 23. Rxc1 Rxc1 24. Rc3 Rxc3 25. Qxc3 1/2-1/2

[Event "España tch ONCE 2009 Segunda División"]
[Site "Fuengirola ESP"]
[Date "2009.11.22"]
[Round "1.31"]
[White "Salas Rasilla, Concepcion"]
[Black "Rodriguez Aguilera, Aurelio"]
[Result "1/2-1/2"]
[WhiteElo "1838"]
[BlackElo "1981"]
[PlyCount "51"]
[EventDate "2009.11.22"]
[EventType "team-"]
[EventRounds "7"]
[EventCountry "ESP"]
[Source "lmi"]
[SourceDate "2009.11.22"]

1. Nf3 Nf6 2. c4 c5 3. g3 Nc6 4. Bg2 d6 5. O-O Bd7 6. d4 cxd4 7. Nxd4 g6 8. Nc3
Nxd4 9. Qxd4 Bc6 10. e4 Bg7 11. Qd3 O-O 12. Re1 Nd7 13. b3 Rc8 14. Bd2 Nc5 15.
Qe2 Ne6 16. Rad1 a6 17. Nd5 b5 18. Be3 bxc4 19. bxc4 Re8 20. Bh3 Rb8 21. Rb1
Bxd5 22. cxd5 Nd4 23. Bxd4 Bxd4 24. Rxb8 Qxb8 25. Qxa6 Qb2 26. Qe2 1/2-1/2

[Event "España tch ONCE 2009 Segunda División"]
[Site "Fuengirola ESP"]
[Date "2009.11.22"]
[Round "1.32"]
[White "Delgado Lagares, Francisco Javier"]
[Black "Bezanilla Fernandez, Angel"]
[Result "1-0"]
[WhiteElo "1682"]
[BlackElo "1747"]
[PlyCount "85"]
[EventDate "2009.11.22"]
[EventType "team-"]
[EventRounds "7"]
[EventCountry "ESP"]
[Source "lmi"]
[SourceDate "2009.11.22"]

1. e4 c5 2. Nf3 e6 3. d4 cxd4 4. Nxd4 a6 5. Nc3 Nc6 6. a3 Nf6 7. h3 g6 8. Bg5
Be7 9. Nxc6 dxc6 10. Qxd8+ Bxd8 11. O-O-O Be7 12. e5 Nd5 13. Bxe7 Kxe7 14. Ne4
b5 15. c4 Nb6 16. c5 Nd7 17. f4 f5 18. exf6+ Nxf6 19. Nxf6 Kxf6 20. Be2 Ke7 21.
Bf3 Bd7 22. Rd6 Rac8 23. Re1 Rhf8 24. g3 Rf5 25. b4 Rf6 26. Re3 h5 27. h4 Rc7
28. Kc2 Rc8 29. a4 Rc7 30. axb5 axb5 31. Ra3 Rf8 32. Kd3 e5 33. Ke3 exf4+ 34.
gxf4 Rf6 35. Rad3 Be8 36. Be4 Kf7 37. R3d4 Re7 38. Kd3 Rfe6 39. Rxe6 Rxe6 40.
Bg2 Ke7 41. Bh3 Rf6 42. Ke4 Bf7 43. Rd7+ 1-0

[Event "España tch ONCE 2009 Segunda División"]
[Site "Fuengirola ESP"]
[Date "2009.11.22"]
[Round "1.33"]
[White "Gonzalez Quijano, Leopoldo"]
[Black "Devesa Seoane, Antonio"]
[Result "0-1"]
[WhiteElo "1692"]
[BlackElo "1829"]
[PlyCount "64"]
[EventDate "2009.11.22"]
[EventType "team-"]
[EventRounds "7"]
[EventCountry "ESP"]
[Source "lmi"]
[SourceDate "2009.11.22"]

1. c4 b5 2. cxb5 a6 3. Nc3 Nf6 4. Qc2 g6 5. Nf3 Bg7 6. g3 O-O 7. Bg2 c6 8. Nd4
Ng4 9. e3 axb5 10. Ndxb5 Qb6 11. O-O Ba6 12. Re1 Bxb5 13. Qb3 Bxc3 14. dxc3 Qc5
15. Qc2 Na6 16. Bd2 Nf6 17. Rac1 Nc7 18. b3 d5 19. a4 Ba6 20. b4 Qd6 21. Rb1
Bc4 22. Bf1 Bxf1 23. Rxf1 Nd7 24. a5 Ne5 25. Kg2 Nc4 26. Bc1 Nb5 27. Qe2 f5 28.
Qd3 e5 29. f3 e4 30. Qc2 Nba3 31. Qb3 Nxb1 32. Qxb1 Rfb8 0-1

[Event "España tch ONCE 2009 Segunda División"]
[Site "Fuengirola ESP"]
[Date "2009.11.22"]
[Round "1.34"]
[White "Aragon Pons, Domingo"]
[Black "Cadelo Herrera, Vicente"]
[Result "1-0"]
[WhiteElo "1727"]
[BlackElo "1600"]
[PlyCount "59"]
[EventDate "2009.11.22"]
[EventType "team-"]
[EventRounds "7"]
[EventCountry "ESP"]
[Source "lmi"]
[SourceDate "2009.11.22"]

1. d4 Nf6 2. c4 g6 3. Nc3 Bg7 4. e4 d6 5. Nf3 O-O 6. Be2 Re8 7. O-O e5 8. dxe5
dxe5 9. Qxd8 Rxd8 10. Bg5 Nc6 11. Nd5 Ne8 12. Bxd8 Nxd8 13. Rfd1 Bg4 14. h3
Bxf3 15. Bxf3 Nc6 16. Nc3 a6 17. a3 Nd4 18. Ne2 Nb3 19. Rab1 b5 20. cxb5 axb5
21. Rd3 Nc5 22. Rd5 Bf8 23. Rc1 Nb3 24. Rc3 Na5 25. Rxb5 Nd6 26. Rd5 Nac4 27.
Rb3 c6 28. Rd1 f5 29. Nc3 Na5 30. Rxd6 1-0

[Event "España tch ONCE 2009 Segunda División"]
[Site "Fuengirola ESP"]
[Date "2009.11.22"]
[Round "1.41"]
[White "Gimeno Diaz, Fernando"]
[Black "Diez Asensio, Jesus"]
[Result "1-0"]
[WhiteElo "1931"]
[BlackElo "1821"]
[PlyCount "95"]
[EventDate "2009.11.22"]
[EventType "team-"]
[EventRounds "7"]
[EventCountry "ESP"]
[Source "lmi"]
[SourceDate "2009.11.22"]

1. d4 d5 2. Nf3 Nf6 3. c4 c6 4. Nbd2 e6 5. g3 Nbd7 6. Bg2 Be7 7. O-O O-O 8. b3
Re8 9. Bb2 b6 10. Ne5 Bb7 11. e4 dxe4 12. Nxe4 Qc7 13. Nxd7 Nxd7 14. Qd2 c5 15.
d5 exd5 16. cxd5 Bf8 17. Qg5 Kh8 18. Qf5 f6 19. Rae1 Ne5 20. Re3 Rad8 21. Ng5
fxg5 22. Bxe5 Qd7 23. Qxg5 Bxd5 24. Rd1 h6 25. Qxh6+ Kg8 26. Qg5 Qf7 27. Bxd5
Rxd5 28. Rxd5 Qxd5 29. Bf4 Qd1+ 30. Kg2 Rxe3 31. Bxe3 Qd7 32. Qe5 Qb7+ 33. f3
Qa6 34. Qd5+ Kh8 35. Qd2 Be7 36. Kf2 Bf6 37. Qe2 Qc8 38. Qd3 Qb7 39. Qe4 Qc8
40. g4 Qa6 41. a4 Qc8 42. Kg3 Qd8 43. f4 Qd1 44. g5 Qe1+ 45. Kg4 Bd4 46. Qe8+
Kh7 47. g6+ Kh6 48. f5+ 1-0

[Event "España tch ONCE 2009 Segunda División"]
[Site "Fuengirola ESP"]
[Date "2009.11.22"]
[Round "1.42"]
[White "Ampudia Asensio, Jose Luis"]
[Black "Sancho Luño, Vicente"]
[Result "1-0"]
[WhiteElo "1591"]
[BlackElo "1819"]
[PlyCount "57"]
[EventDate "2009.11.22"]
[EventType "team-"]
[EventRounds "7"]
[EventCountry "ESP"]
[Source "lmi"]
[SourceDate "2009.11.22"]

1. d4 d5 2. Nf3 Nf6 3. c4 e6 4. g3 c6 5. Bg2 Be7 6. O-O O-O 7. Qc2 h6 8. b3
Nbd7 9. Bb2 Bd6 10. Nbd2 Qc7 11. e4 dxe4 12. Nxe4 Nxe4 13. Qxe4 Nf6 14. Qc2 Re8
15. d5 Qd8 16. dxc6 bxc6 17. Rad1 Bb7 18. Bxf6 Qxf6 19. Rxd6 Rad8 20. Rxd8 Rxd8
21. Rd1 Qe7 22. Rxd8+ Qxd8 23. Qd2 Qc7 24. Qd4 c5 25. Qe5 Qxe5 26. Nxe5 Bxg2
27. Kxg2 f6 28. Nd7 Kf7 29. Nxc5 1-0

[Event "España tch ONCE 2009 Segunda División"]
[Site "Fuengirola ESP"]
[Date "2009.11.22"]
[Round "1.43"]
[White "Bueno Cardenas, Rafael"]
[Black "Sanz Garcia, Ramon"]
[Result "0-1"]
[WhiteElo "1526"]
[BlackElo "1624"]
[PlyCount "54"]
[EventDate "2009.11.22"]
[EventType "team-"]
[EventRounds "7"]
[EventCountry "ESP"]
[Source "lmi"]
[SourceDate "2009.11.22"]

1. e4 c5 2. Nf3 d6 3. d4 cxd4 4. Qxd4 Nc6 5. Bb5 Bd7 6. Bxc6 Bxc6 7. Nc3 Nf6 8.
Bg5 h6 9. Be3 e6 10. O-O-O Be7 11. e5 dxe5 12. Qxe5 Qc8 13. Qg3 Ne4 14. Qxg7
Bf6 15. Nxe4 Bxe4 16. Qxh8+ Bxh8 17. Rd2 Qc6 18. Bxh6 Rd8 19. Rxd8+ Kxd8 20.
Rd1+ Ke8 21. Ne1 Qb6 22. c3 Qxf2 23. Bg5 Bf6 24. Bd2 Bg6 25. h3 Qf5 26. Be3
Qb1+ 27. Kd2 Qxb2+ 0-1

[Event "España tch ONCE 2009 Segunda División"]
[Site "Fuengirola ESP"]
[Date "2009.11.23"]
[Round "2.11"]
[White "Fernandez Lago, David"]
[Black "Diez Asensio, Jesus"]
[Result "1-0"]
[WhiteElo "2003"]
[BlackElo "1821"]
[PlyCount "77"]
[EventDate "2009.11.22"]
[EventType "team-"]
[EventRounds "7"]
[EventCountry "ESP"]
[Source "lmi"]
[SourceDate "2009.11.22"]

1. d4 d5 2. c4 c6 3. Nf3 Nf6 4. e3 e6 5. Qc2 Nbd7 6. Nc3 Bd6 7. e4 dxe4 8. Nxe4
Nxe4 9. Qxe4 Nf6 10. Qc2 h6 11. Be2 Qc7 12. O-O O-O 13. b3 e5 14. dxe5 Bxe5 15.
Nxe5 Qxe5 16. Bb2 Qf4 17. Rad1 Be6 18. Rd4 Qc7 19. Rh4 Qe7 20. Qc3 Rfe8 21. Qg3
Kf8 22. Rf4 Rad8 23. Qh4 Ng8 24. Qh5 Qg5 25. Qf3 Nf6 26. h4 Qg6 27. Bxf6 gxf6
28. Rxf6 Qg7 29. Qf4 Bf5 30. Rxf5 Rxe2 31. Qc7 Rde8 32. Qd6+ Kg8 33. Rf3 R2e6
34. Qc5 Rg6 35. g3 b6 36. Qf5 Ree6 37. Rd1 Qf8 38. Rd7 Rg7 39. Qxe6 1-0

[Event "España tch ONCE 2009 Segunda División"]
[Site "Fuengirola ESP"]
[Date "2009.11.23"]
[Round "2.12"]
[White "Ampudia Asensio, Jose Luis"]
[Black "Lago Carballo, Carmen"]
[Result "0-1"]
[WhiteElo "1591"]
[BlackElo "1474"]
[PlyCount "60"]
[EventDate "2009.11.22"]
[EventType "team-"]
[EventRounds "7"]
[EventCountry "ESP"]
[Source "lmi"]
[SourceDate "2009.11.22"]

1. d4 d5 2. Nf3 Nf6 3. c4 c6 4. Qc2 g6 5. g3 Bg7 6. Bg2 O-O 7. O-O Bf5 8. Qb3
b6 9. Nc3 Be6 10. Ng5 dxc4 11. Qa4 Bd5 12. e4 b5 13. Qc2 Be6 14. Nxe6 fxe6 15.
Rd1 Na6 16. a3 Rc8 17. h3 Qe8 18. d5 cxd5 19. exd5 e5 20. Be3 b4 21. Ne4 b3 22.
Qd2 Rc7 23. Qa5 Qc8 24. d6 Rd7 25. dxe7 Rxe7 26. Nc5 Nc7 27. Rac1 Ref7 28. Rxc4
Ne6 29. Rdc1 Qd8 30. Qxa7 Rxa7 0-1

[Event "España tch ONCE 2009 Segunda División"]
[Site "Fuengirola ESP"]
[Date "2009.11.23"]
[Round "2.13"]
[White "Martinez Perez, Carlos"]
[Black "Sanz Garcia, Ramon"]
[Result "1-0"]
[WhiteElo "1611"]
[BlackElo "1624"]
[PlyCount "45"]
[EventDate "2009.11.22"]
[EventType "team-"]
[EventRounds "7"]
[EventCountry "ESP"]
[Source "lmi"]
[SourceDate "2009.11.22"]

1. e4 e5 2. d4 exd4 3. Qxd4 Nc6 4. Qe3 d6 5. Nc3 Nf6 6. b3 g6 7. Bb2 Bg7 8.
O-O-O O-O 9. Kb1 Re8 10. f3 d5 11. Qf2 Ne7 12. e5 Nd7 13. f4 c6 14. g4 Qb6 15.
Qg3 Nc5 16. h4 f6 17. exf6 Bxf6 18. g5 Bh8 19. h5 Bf5 20. Bh3 Bxh3 21. Qxh3 Nf5
22. hxg6 Qc7 23. gxh7+ 1-0

[Event "España tch ONCE 2009 Segunda División"]
[Site "Fuengirola ESP"]
[Date "2009.11.23"]
[Round "2.21"]
[White "Rodriguez Aguilera, Aurelio"]
[Black "Gimeno Diaz, Fernando"]
[Result "1-0"]
[WhiteElo "1981"]
[BlackElo "1931"]
[PlyCount "105"]
[EventDate "2009.11.22"]
[EventType "team-"]
[EventRounds "7"]
[EventCountry "ESP"]
[Source "lmi"]
[SourceDate "2009.11.22"]

1. d4 Nf6 2. c4 g6 3. Nc3 Bg7 4. e4 d6 5. Nf3 O-O 6. Be2 c6 7. O-O Qc7 8. h3
Nbd7 9. Be3 e5 10. dxe5 Nxe5 11. Nxe5 dxe5 12. Qc2 Be6 13. Rad1 Nd7 14. b3 f5
15. f3 f4 16. Bf2 g5 17. Qd2 Qd8 18. Qd6 Rf6 19. Rd2 Bxh3 20. Qb4 Be6 21. Qxb7
Qe8 22. Rfd1 Nf8 23. Rd6 Rh6 24. Kf1 Rh1+ 25. Bg1 Rc8 26. Qxa7 h5 27. Ke1 g4
28. Kd2 Ng6 29. Kc2 Bf8 30. R6d3 Nh4 31. Bb6 Rxd1 32. Rxd1 Ra8 33. Qc7 Bg7 34.
Rg1 g3 35. a4 Nxg2 36. Rxg2 h4 37. Rg1 h3 38. Rh1 Bf6 39. Bf1 Bd8 40. Qb7 Bxb6
41. Qxb6 Qd7 42. Bxh3 Bxh3 43. Rd1 Qe8 44. Ne2 Bg2 45. Ng1 Qh5 46. Qxc6 Rf8 47.
Rd6 Qh2 48. Qd5+ Kh7 49. Rd7+ Kg6 50. Qe6+ Rf6 51. Qg8+ Kh5 52. Rh7+ Rh6 53.
Qg4# 1-0

[Event "España tch ONCE 2009 Segunda División"]
[Site "Fuengirola ESP"]
[Date "2009.11.23"]
[Round "2.22"]
[White "Sancho Luño, Vicente"]
[Black "Delgado Lagares, Francisco Javier"]
[Result "0-1"]
[WhiteElo "1819"]
[BlackElo "1682"]
[PlyCount "58"]
[EventDate "2009.11.22"]
[EventType "team-"]
[EventRounds "7"]
[EventCountry "ESP"]
[Source "lmi"]
[SourceDate "2009.11.22"]

1. e4 c5 2. Nf3 d6 3. d4 cxd4 4. Nxd4 Nc6 5. Be2 Nf6 6. Nc3 a6 7. O-O Bd7 8. h3
g6 9. Be3 Bg7 10. Rb1 O-O 11. Nxc6 Bxc6 12. Bd3 Nd7 13. Qd2 Nc5 14. f3 Nxd3 15.
cxd3 e6 16. d4 f5 17. Rbd1 Qa5 18. a3 fxe4 19. fxe4 Rxf1+ 20. Rxf1 Qh5 21. Kh2
Qa5 22. Qd3 Rf8 23. Rxf8+ Bxf8 24. d5 exd5 25. exd5 Bd7 26. Bf4 Qd8 27. Qg3 Bf5
28. Bg5 Qb6 29. Qf2 Qxf2 0-1

[Event "España tch ONCE 2009 Segunda División"]
[Site "Fuengirola ESP"]
[Date "2009.11.23"]
[Round "2.23"]
[White "Devesa Seoane, Antonio"]
[Black "Bueno Cardenas, Rafael"]
[Result "1-0"]
[WhiteElo "1829"]
[BlackElo "1526"]
[PlyCount "33"]
[EventDate "2009.11.22"]
[EventType "team-"]
[EventRounds "7"]
[EventCountry "ESP"]
[Source "lmi"]
[SourceDate "2009.11.22"]

1. e4 e5 2. Nf3 f6 3. Nxe5 Qe7 4. Nc4 d5 5. Qh5+ g6 6. Qxd5 c6 7. Qd4 Nd7 8.
Be2 Nc5 9. d3 Ne6 10. Qc3 Bd7 11. Be3 Bh6 12. O-O Bxe3 13. fxe3 O-O-O 14. Qa3
Qc5 15. Qxc5 Nxc5 16. Nd6+ Kc7 17. Nf7 1-0

[Event "España tch ONCE 2009 Segunda División"]
[Site "Fuengirola ESP"]
[Date "2009.11.24"]
[Round "2.24"]
[White "Samper Alarcon, Julio Alfredo"]
[Black "Aragon Pons, Domingo"]
[Result "1-0"]
[WhiteElo "1591"]
[BlackElo "1727"]
[PlyCount "81"]
[EventDate "2009.11.22"]
[EventType "team-"]
[EventRounds "7"]
[EventCountry "ESP"]
[Source "lmi"]
[SourceDate "2009.11.22"]

1. e4 d5 2. exd5 Qxd5 3. Nc3 Qa5 4. d4 c6 5. Nf3 Nf6 6. Bd2 Qc7 7. Bd3 Bg4 8.
h3 Bh5 9. Qe2 e6 10. Ne4 Nbd7 11. Ng3 Bg6 12. Ne5 Bxd3 13. cxd3 Bd6 14. Bc3 Nd5
15. Nxd7 Qxd7 16. Nf5 O-O 17. Nxd6 Qxd6 18. O-O Rfe8 19. Rfe1 Re7 20. Qe5 Qd7
21. Re2 Rae8 22. Rae1 Qc7 23. Qxc7 Rxc7 24. Rc1 Rce7 25. Rce1 f6 26. a3 Nxc3
27. bxc3 e5 28. f4 Kf7 29. dxe5 fxe5 30. fxe5 Ke6 31. d4 Rc8 32. c4 Rd8 33. Rd2
Red7 34. Red1 c5 35. d5+ Kxe5 36. Re2+ Kd6 37. a4 a6 38. Rde1 Kc7 39. Rb1 b5
40. axb5 axb5 41. Rxb5 1-0

[Event "España tch ONCE 2009 Segunda División"]
[Site "Fuengirola ESP"]
[Date "2009.11.24"]
[Round "2.31"]
[White "Fernandez Cabello, Emilio"]
[Black "Salas Rasilla, Concepcion"]
[Result "0-1"]
[WhiteElo "1830"]
[BlackElo "1838"]
[PlyCount "104"]
[EventDate "2009.11.22"]
[EventType "team-"]
[EventRounds "7"]
[EventCountry "ESP"]
[Source "lmi"]
[SourceDate "2009.11.22"]

1. e4 c6 2. d4 d5 3. e5 c5 4. c3 Nc6 5. Nf3 cxd4 6. cxd4 Bf5 7. Nc3 e6 8. Bd3
Bxd3 9. Qxd3 Nge7 10. a3 Rc8 11. O-O Nf5 12. g4 Nh4 13. Rd1 Be7 14. b4 Nxf3+
15. Qxf3 h5 16. gxh5 a6 17. Kh1 Bf8 18. Qh3 b5 19. f4 g6 20. Ra2 Rxh5 21. Qd3
Qh4 22. Rg2 Bh6 23. Ne2 Qh3 24. Qxh3 Rxh3 25. Rg3 Rh4 26. Rf3 Ne7 27. Be3 Nf5
28. Bf2 Rh5 29. Ng3 Nxg3+ 30. Bxg3 Rc2 31. Rdd3 Kd7 32. Rc3 Rxc3 33. Rxc3 Bf8
34. Be1 Be7 35. Bd2 Rh8 36. Rg3 Rc8 37. Kg2 Rc2 38. Rd3 Ke8 39. Kf3 Kf8 40. Ke2
Rc4 41. Be3 Kg7 42. Kd2 f6 43. Rc3 fxe5 44. fxe5 g5 45. Bf2 Rxc3 46. Kxc3 Kg6
47. Kd3 Kf5 48. Bg3 Kg4 49. Ke3 Bf8 50. Kf2 Kh3 51. Kf3 Bh6 52. Ke3 Kg2 0-1

[Event "España tch ONCE 2009 Segunda División"]
[Site "Fuengirola ESP"]
[Date "2009.11.23"]
[Round "2.32"]
[White "Bezanilla Fernandez, Angel"]
[Black "Escabias Perez, Miguel"]
[Result "1-0"]
[WhiteElo "1747"]
[BlackElo "1733"]
[PlyCount "75"]
[EventDate "2009.11.22"]
[EventType "team-"]
[EventRounds "7"]
[EventCountry "ESP"]
[Source "lmi"]
[SourceDate "2009.11.22"]

1. e4 e6 2. Nf3 d5 3. Nc3 dxe4 4. Nxe4 Nf6 5. c3 Nxe4 6. Qa4+ Nd7 7. Qxe4 Nf6
8. Qc2 Bd7 9. d4 Bc6 10. Be2 Bd6 11. g3 O-O 12. O-O Re8 13. Bg5 h6 14. Be3 Be4
15. Qd2 Qd7 16. Ne5 Qe7 17. f4 Bf5 18. Bf3 Nd5 19. g4 Nxe3 20. Qxe3 Bh7 21.
Bxb7 c5 22. Bxa8 Rxa8 23. Qf3 Rc8 24. Rac1 Qe8 25. Rfd1 f6 26. Nc4 Be7 27. d5
exd5 28. Qxd5+ Kh8 29. Qd7 Qf8 30. Re1 Bg8 31. b3 Bxc4 32. Rxe7 Bb5 33. Qxa7
Qd8 34. Rxg7 Qd3 35. Re7 Qg6 36. Re3 Qxg4+ 37. Rg3 Qf5 38. Qg7# 1-0

[Event "España tch ONCE 2009 Segunda División"]
[Site "Fuengirola ESP"]
[Date "2009.11.23"]
[Round "2.33"]
[White "De Los Heros Torres, Francisco"]
[Black "Gonzalez Quijano, Leopoldo"]
[Result "1-0"]
[WhiteElo "1692"]
[BlackElo "1692"]
[PlyCount "77"]
[EventDate "2009.11.22"]
[EventType "team-"]
[EventRounds "7"]
[EventCountry "ESP"]
[Source "lmi"]
[SourceDate "2009.11.22"]

1. e4 e6 2. d4 d5 3. e5 c5 4. c3 Nc6 5. Nf3 Qb6 6. Bd3 Bd7 7. dxc5 Bxc5 8. O-O
f6 9. b4 Be7 10. Bf4 fxe5 11. Nxe5 Nxe5 12. Bxe5 Nf6 13. Nd2 Bb5 14. Nb3 O-O
15. a4 Bxd3 16. Qxd3 Ng4 17. Bg3 Bd6 18. a5 Qc7 19. Bxd6 Qxd6 20. g3 e5 21.
Rad1 Qh6 22. Qxd5+ Rf7 23. h4 Qf6 24. Qd2 Raf8 25. Nc5 Nxf2 26. Ne4 Nh3+ 27.
Kh2 Qe6 28. Rxf7 Rxf7 29. Qg2 Qg4 30. Rd8+ Rf8 31. Rxf8+ Kxf8 32. Nc5 b6 33.
axb6 axb6 34. Qxh3 Qxh3+ 35. Kxh3 bxc5 36. b5 Ke7 37. c4 e4 38. Kg4 Ke6 39. Kf4
1-0

[Event "España tch ONCE 2009 Segunda División"]
[Site "Fuengirola ESP"]
[Date "2009.11.23"]
[Round "2.41"]
[White "Bernabe Monteagudo, Francesc"]
[Black "Zanoletty Garcia, David"]
[Result "0-1"]
[WhiteElo "1876"]
[BlackElo "2004"]
[PlyCount "52"]
[EventDate "2009.11.22"]
[EventType "team-"]
[EventRounds "7"]
[EventCountry "ESP"]
[Source "lmi"]
[SourceDate "2009.11.22"]

1. d4 d5 2. c4 e6 3. cxd5 exd5 4. Nc3 Be7 5. Bf4 c6 6. e3 Bf5 7. g4 Bg6 8. Nf3
Bd6 9. Ne5 Ne7 10. h4 f6 11. Nxg6 Nxg6 12. Bxd6 Qxd6 13. Bd3 Nd7 14. Qc2 Ngf8
15. g5 O-O-O 16. O-O-O Kb8 17. Kb1 g6 18. e4 dxe4 19. Nxe4 Qf4 20. Rdg1 f5 21.
Qd2 Ne6 22. Bc2 fxe4 23. Qxf4+ Nxf4 24. Rg4 Nd3 25. Rh2 Rde8 26. f3 Rhf8 0-1

[Event "España tch ONCE 2009 Segunda División"]
[Site "Fuengirola ESP"]
[Date "2009.11.23"]
[Round "2.42"]
[White "Rubio Mancebon, Pedro Jose"]
[Black "Martinez Lopez-Cozar, Manuel"]
[Result "1-0"]
[WhiteElo "1940"]
[BlackElo "1704"]
[PlyCount "121"]
[EventDate "2009.11.22"]
[EventType "team-"]
[EventRounds "7"]
[EventCountry "ESP"]
[Source "lmi"]
[SourceDate "2009.11.22"]

1. d4 Nf6 2. Nf3 d5 3. c4 e6 4. Nc3 c5 5. cxd5 Nxd5 6. e3 Be7 7. Be2 O-O 8. O-O
Nc6 9. a3 a6 10. Qc2 Nf6 11. dxc5 Bxc5 12. b4 Be7 13. Bb2 Bd7 14. Rfd1 Rc8 15.
Rac1 Ne8 16. Qd3 Nf6 17. Ne4 Nd5 18. Qb1 Rc7 19. Rd2 Qc8 20. Qa1 f6 21. Qb1 Be8
22. Bd3 f5 23. Ng3 g6 24. Ne2 Bf6 25. Bxf6 Nxf6 26. Rdc2 Rff7 27. Bc4 Rfe7 28.
Qa2 Bf7 29. Ng5 h6 30. Nxf7 Kxf7 31. Bb3 Nd8 32. Nf4 Kg7 33. h3 Rxc2 34. Rxc2
Qd7 35. Rd2 Qc8 36. Rxd8 Qxd8 37. Nxe6+ Rxe6 38. Bxe6 Qd1+ 39. Kh2 Qd6+ 40. g3
Qc7 41. Qc4 Qd6 42. Kg2 Qe7 43. Qc8 Kh7 44. Qc4 Kg7 45. Bd5 Qd7 46. Bf3 Qe7 47.
Qc5 Qxc5 48. bxc5 Ne4 49. Bxe4 fxe4 50. f3 exf3+ 51. Kxf3 Kf6 52. Ke4 Ke6 53.
Kd4 Kd7 54. Kd5 Ke7 55. e4 Kd7 56. e5 Ke7 57. e6 Ke8 58. Kd6 Kd8 59. e7+ Ke8
60. Kc7 Kxe7 61. Kxb7 1-0